| 000 | 00794nam a2200193 a 4500 | ||
|---|---|---|---|
| 999 |
_c7602 _d7602 |
||
| 003 | OSt | ||
| 005 | 20211227121538.0 | ||
| 008 | A00321s1972 sp 000 spa | ||
| 016 | _aDL M9661-1972 | ||
| 040 |
_bcat _cCDMR |
||
| 100 |
_aSánchez Agesta, José _94799 |
||
| 245 | 1 | 0 |
_aConsensus y corrientes de opinión: Conferencia en el XXV curso, organizado por la Escuela Oficial de Periodismo de Madrid, en la Universidad Internacional Menéndez Pelayo de Santander, julio 1971 / _cpor José Sánchez Agesta |
| 260 |
_aMadrid : _bPublicaciones de la Secretaría de la Escuela de Periodismo, _c1972 |
||
| 300 |
_a15 pàgines _c; 22 cm |
||
| 650 | 0 | 0 |
_aOpinió pública _92537 |
| 650 | 0 | 0 |
_aConsens (Ciències socials) _94800 |
| 710 | 2 |
_aEscuela Oficial de Periodismo _92816 |
|
| 942 |
_2udc _cFULLET |
||